| 000 | 00562nam a2200205 a 4500 | ||
|---|---|---|---|
| 005 | 20240924070559.0 | ||
| 008 | 040317s2016 mx r 000 0 spa d | ||
| 020 | _a9786078457922 | ||
| 035 | _aUPN01000132709 | ||
| 049 | _aCG | ||
| 050 | 4 |
_aBD241 _bO4.3 2016 |
|
| 100 | 1 |
_aOlvera Romero, Caleb _939413 |
|
| 245 | 1 | 0 |
_aHermenéutica analógica y literatura / _cCaleb Olvera Romero. |
| 250 | _a2a ed. | ||
| 260 |
_aMéxico : _bLaberinto : _bUAA, _c2016. |
||
| 300 | _a235 p. | ||
| 650 | 4 |
_aHermenéutica _95799 |
|
| 650 | 4 |
_aANALOGIA _917691 |
|
| 905 | _aLibro | ||
| 999 |
_c104863 _d104863 |
||